000 01650cam a2200253 4500
001 6782
010 _a 2001001664
020 _a0816636095 (hardback : alk. paper)
020 _a0816636109 (pbk. : alk. paper)
100 1 _aLevy, Pierre,
_d1956-
240 1 0 _aCyberculture.
_lEnglish
245 1 0 _aCyberculture /
_cPierre Levy ; translated by Robert Bononno.
260 _aMinneapolis :
_bUniversity of Minnesota Press,
_cc2001.
300 _axvii, 259 p. ;
_c24 cm.
504 _aIncludes bibliographical references (p. 237-243) and index.
505 _aCONTENTS: pt. I Definitions -- The Impact of Technology - - The Technical Infrastructure of the Virtual -- Digital Technology and the Virtualization of Information -- Interactivity -- Cyberspace, or The Virtualization of Communication -- pt. II Theoretical Issues -- The Universal without Totality: The Essence of Cyberculture - - The Social Movement of Cyberculture -- The Sound of Cyberculture -- The Art of Cyberculture -- The New Relationship to Knowledge -- Education and the Economy of Knowledge -- The Knowledge Tree -- Cyberspace, the City, and Electronic Democracy -- pt. III Problems -- Conflict -- Critique of Substitution -- Critique of Domination -- Critique of Criticism -- Answers to Common Questions -- Conclusion: Cyberculture, or The Simultaneous Tradition.
_g
_r
_t
650 0 _aComputers and civilization.
650 0 _aCulture.
650 0 _aCyberspace
_xSocial aspects.
650 0 _aInformation technology
_xSocial aspects.
650 0 _aInternet
_xSocial aspects.
650 0 _aTelecommunication
_xSocial aspects.
999 _c5722
_d5722